000 00386nam a2200133Ia 4500
008 100328s9999 xx 000 0 und d
082 _b4186
100 _aवरेरकर भार्गवराम विठ्ठल
245 _aगाव-गंगा
260 _bनवभारत
630 _aगाव-गंगा
730 _aगाव-गंगा
942 _cBOOK
999 _c500266
_d500263